[Event "Guwahati Sakatam op 1st"]
[Site "Guwahati"]
[Date "2024.03.23"]
[Round "2"]
[White "Subhash, Chandra Sinha"]
[Black "Singh, Y Dhanabir"]
[Result "0-1"]
[WhiteElo "1535"]
[BlackElo "1996"]
[PlyCount "86"]
[EventDate "2024.03.23"]
[EventType "swiss"]
[EventRounds "10"]
[EventCountry "IND"]
[SourceTitle "CBM 219 Extra"]
[Source "ChessBase"]
[SourceDate "2024.05.31"]
[SourceVersion "1"]
[SourceVersionDate "2024.05.31"]
[SourceQuality "1"]

1. e4 c5 2. Nf3 d6 3. d4 cxd4 4. Nxd4 Nf6 5. Nc3 g6 6. Be3 Bg7 7. Qd2 0-0 8. f3 Nc6 9. 0-0-0 d5 10. Nxc6 bxc6 11. exd5 cxd5 12. Nxd5 Nxd5 13. Qxd5 Qc7 14. Qxa8 Bf5 15. Qxf8+ Kxf8 16. Bd3 Qe5 17. Kd2 Bxd3 18. Kxd3 Qxb2 19. Ke2 f5 20. Rd2 Qxa2 21. Rc1 Qc4+ 22. Kf2 a5 23. Rb1 f4 24. Ba7 Qc7 25. Bb6 Qc3 26. Rbd1 a4 27. Bd4 Bxd4+ 28. Rxd4 g5 29. h4 a3 30. hxg5 a2 31. Rxf4+ Kg7 32. Re4 Qxc2+ 33. Re2 Qxd1 34. Rxa2 Qd4+ 35. Kg3 Qe5+ 36. Kf2 Qc5+ 37. Kf1 Qxg5 38. Re2 h5 39. Re4 Kf6 40. Kf2 e5 41. g3 Qd2+ 42. Kf1 Qh2 43. g4 h4 0-1